Tiere der Urzeit

Αποθηκεύτηκε σε:
Λεπτομέρειες βιβλιογραφικής εγγραφής
Κύριος συγγραφέας: Maynard, Christopher
Μορφή: Βιβλίο
Γλώσσα:German
Δημοσίευση: [Hamburg] : [Neuer Tessloff Verlages], [c1975]
Θέματα:
Ετικέτες: Προσθήκη ετικέτας
Δεν υπάρχουν, Καταχωρήστε ετικέτα πρώτοι!

MARC

LEADER 00000cam a2200000 i 4500
001 1/21296
008 060109s1975 ger d
035 |l 10081842 
040 |a GR-MY-UA  |b gre  |e aacr 
041 0 |a ger 
082 0 |a 567.9  |2 (22) 
100 1 |a Maynard, Christopher. 
245 1 0 |a Tiere der Urzeit /  |c [autor Christopher Maynard] 
260 |a [Hamburg] :   |b [Neuer Tessloff Verlages],   |c [c1975] 
300 |a 48 σ.;  |c εγχρ. εικ. 
650 0 0 |a Paleontology. 
650 0 0 |a Dinosaurs. 
650 0 0 |a Extinct animals. 
852 |a INST  |b RHODES  |c KRI  |e 20060109  |h  567.9 MAY  |p 005400028593  |q 005400028593  |t BK  |y 0 
901 |a BIBL4-2006-1 
909 |a Ρ  |b 122979 
970 |a ΚΟΖΑ  |b ΜΑΡΙΑ  |z 2006/01/09